Кн. 1: Основной курс; Органическая химия

Bibliografski detalji
Parent link:Органическая химия: учебник в 2-х книгах/ под ред. Н. А. Тюкавкиной. Кн. 1: Основной курс.— 3-е изд., стер..— , 2004-
Sažetak:В учебнике на современном научно-теоретическом уровне изложен материал о строении и реакционной способности важнейших классов органических соединений с теми функциональными группами, которые наиболее характерны для лекарственных средств синтетического и природного происхождения. В качестве основы для изучения многообразия органических соединений и их взаимодействий использованы единые теоретические принципы. Основополагающими являются вопросы электронного строения атомов углерода и органогенов и их химических связей, взаимного влияния атомов в органических молекулах, сопряжения и ароматичности, кислотности и основности, механизмов важнейших типов органических реакций, статических и динамических стереохимических представлений. Во многих случаях химические проблемы рассматриваются в экологическом аспекте. Приведен материал по химической идентификации и анализу органических соединений на базе современных инструментальных физико-химических методов. Для студентов вузов, обучающихся по специальности «Фармация». Может быть использован также студентами, обучающимися по специальностям химического и биологического профиля.
Jezik:ruski
Izdano: 2004
Teme:
Format: MixedMaterials Knjiga
KOHA link:https://koha.lib.tpu.ru/cgi-bin/koha/opac-detail.pl?biblionumber=114647

MARC

LEADER 00000nam2a2200000 4500
001 114647
005 20231101215215.0
010 |a 5710787248 
035 |a (RuTPU)RU\TPU\book\123988 
090 |a 114647 
100 |a 20070424d2004 m y0rusy50 ca 
101 0 |a rus 
102 |a RU 
105 |a a j 001zy 
200 0 |a Кн. 1: Основной курс 
210 |d 2004 
215 |a 640 с.  |c ил. 
320 |a Именной и предметный указатель: с. 606-633. 
330 |a В учебнике на современном научно-теоретическом уровне изложен материал о строении и реакционной способности важнейших классов органических соединений с теми функциональными группами, которые наиболее характерны для лекарственных средств синтетического и природного происхождения. В качестве основы для изучения многообразия органических соединений и их взаимодействий использованы единые теоретические принципы. Основополагающими являются вопросы электронного строения атомов углерода и органогенов и их химических связей, взаимного влияния атомов в органических молекулах, сопряжения и ароматичности, кислотности и основности, механизмов важнейших типов органических реакций, статических и динамических стереохимических представлений. Во многих случаях химические проблемы рассматриваются в экологическом аспекте. Приведен материал по химической идентификации и анализу органических соединений на базе современных инструментальных физико-химических методов. Для студентов вузов, обучающихся по специальности «Фармация». Может быть использован также студентами, обучающимися по специальностям химического и биологического профиля. 
461 1 |0 (RuTPU)RU\TPU\book\170872  |t Органическая химия  |o учебник в 2-х книгах  |f под ред. Н. А. Тюкавкиной  |v Кн. 1: Основной курс  |e 3-е изд., стер.  |d 2004-   |s Высшее образование: Современный учебник 
606 1 |a Органическая химия  |2 stltpush  |3 (RuTPU)RU\TPU\subj\47309  |9 66362 
610 1 |a учебники 
610 1 |a органические соединения 
610 1 |a классификация 
610 1 |a номенклатура 
610 1 |a химическая связь 
610 1 |a химические реакции 
610 1 |a стереоизомерия 
610 1 |a органические молекулы 
610 1 |a кислотные свойства 
610 1 |a основные свойства 
610 1 |a углеводороды 
610 1 |a алканы 
610 1 |a циклоалканы 
610 1 |a алкены 
610 1 |a алкадиены 
610 1 |a алкины 
610 1 |a синтетические полимеры 
610 1 |a арены 
610 1 |a ароматические углеводороды 
610 1 |a гомофункциональные соединения 
610 1 |a галогенуглеводороды 
610 1 |a спирты 
610 1 |a фенолы 
610 1 |a простые эфиры 
610 1 |a сера 
610 1 |a альдегиды 
610 1 |a кетоны 
610 1 |a карбоковые кислоты 
610 1 |a амины 
610 1 |a диазосоединения 
610 1 |a азосоединения 
610 1 |a гетерофункциональные соединения 
610 1 |a гидроксикислоты 
610 1 |a оксокислоты 
610 1 |a аминокислоты 
610 1 |a аминоспирты 
610 1 |a аминофенолы 
610 1 |a фармация 
610 1 |a химия 
610 1 |a биология 
675 |a 547(075.8)  |v 3 
801 1 |a RU  |b 63413507  |c 20070424  |g PSBO 
801 2 |a RU  |b 63413507  |c 20090429  |g PSBO 
900 |a Органическая химия 
900 |a Физико-химические методы анализа 
942 |c BK 
952 |b 060108 
959 |a 93/20081022  |d 1  |e 0  |f ЧЗТЛ:1